01401nam a2200253 i 4500001000700000003000900007005001700016008004100033040003000074100004200104245025500146260014400401300008200545490004800627650004100675650002800716700004100744700003200785700002100817830005600838852011200894999001901006952012201025157936ES-MaACL20260214184937.0020820s1887 fr |||| | fre d aCCPB | B bspa cCCPB | B1 aLombroso, Cesare, d1835-1909924217312aL'homme criminel b: criminel-né, fou moral, épileptique : étude anthropologique et médico-légale / cpar César Lombroso ; traduit sur la IVe édition italienne par Regnier et Bournet et précédé d'une préface du Ch. Létourneau. aParis : bancienne Librairie Germer Baillière et C\pie\s, Félix Alcan, éditeur, c1887 (eCoulommiers : fTyp. P. Brodard et Gallois) a2 v. ( T.I (XXIV, 682 p.) - T.II, Atlas (13 p., XXXII h. de lám.) ;c22 cm.1 aBibliothèque de philosophie contemporaine 7aAntropología criminal2embne99866 4aCriminología.91358321 aBournet, Albert, d1854-189591583670 aLetourneau, Charles.9718881 aRegnier.91316650 aBibliothèque de philosophie contemporaine9181027 aES-MaACLjB-5374-75 z-- Enc. hol. x-- Edic.: T.I (XXIV, 682 p.) - T.II, Atlas (13 p., XXXII h. de lám.) c157936d157936 001040708LIBXIXaATENEOMbATENEOMcSPBd2008-01-17l0oB-5374-75p1165291r2023-02-23 00:00:00w2023-02-23yMONANT